Kỹ thuật điện tử và điện lạnh

Đã lưu trong:
書目詳細資料
主要作者: Nguyễn Văn Tuệ biên soạn
格式: 圖書
語言:Vietnamese
出版: Đại học Quốc gia TPHCM 2003
主題:
標簽: 添加標簽
沒有標簽, 成為第一個標記此記錄!
Thư viện lưu trữ: Mạng thư viện Đại học Đà Nẵng
LEADER 01053nam a2200325 a 4500
001 000002618
003 00609
005 20171229145311.0
008 171229s2003 vie
040 |a LSK 
041 0 |a VIE 
082 0 |a 621  |b Ky-T 
100 1 |a Nguyễn Văn Tuệ biên soạn 
245 0 0 |a Kỹ thuật điện tử và điện lạnh 
260 |b Đại học Quốc gia TPHCM  |c 2003 
300 |a 332 pages  |c 20,5 cm. 
653 |a Điện tử - Kỹ thuật 
653 |a Điện lạnh - Kỹ thuật 
852 |a Phòng Đọc - Phòng Mượn 
901 |a 29 
927 |a Sách tham khảo 
OWN |a LSK 
AVA |a UDN50  |b LSK  |d 621 Ky-T  |e check_holdings  |t Error 5003 Not defined in file expand_doc_bib_avail.  |h N  |k 1 
999 |a From the UDN01 
AVA |a UDN50  |b LSK  |d 621 Ky-T  |e available  |t Error 5001 Not defined in file expand_doc_bib_avail.  |f 29  |g 0  |h N  |i 0  |k 1 
TYP |a Monograph 
TYP |a Printed language 
980 |a Mạng thư viện Đại học Đà Nẵng